| 000 | 00563nam a2200169 i 4500 | ||
|---|---|---|---|
| 001 | 144053 | ||
| 003 | ES-MaACL | ||
| 005 | 20230906200931.0 | ||
| 007 | t| | ||
| 008 | 070214s1935 xxk r ||||1| eng d | ||
| 100 | 1 |
_aSimonds, William Adams. _9106564 |
|
| 245 | 1 | 0 |
_aEdison _b: his life, his work, his genius / _cBy William Adams Simonds. |
| 260 |
_aLondon : _bGeorge Allen and Unwin, _c1935 ( _fKimble and Bradford) |
||
| 300 |
_aXVIII, 19-364 p., 12 lám. : _bil. = retr. biog. ; _c22 cm. |
||
| 600 | 1 | 4 |
_aEdison, Thomas A. _9154955 |
| 852 |
_aES-MaACL _jA-4334 |
||
| 999 |
_c144053 _d144053 |
||